000
00347nam a2200157Ia 4500
003
OSt
005
20240304094003.0
008
170523s9999 xx 000 0 und d
020
_a
979-8886544312
040
_c
IIMTU
100
_a
CHANDRA- P
245
4
_a
THE SECOND COMING
260
_b
TATA MC GRAW HILL
260
_c
2000
942
_2
ddc
_c
02
999
_c
871
_d
871